| 000 | 00543nam a2200193Ia 4500 | ||
|---|---|---|---|
| 003 | OSt | ||
| 005 | 20200729095119.0 | ||
| 008 | 190216s9999||||xx |||||||||||||| ||und|| | ||
| 020 | _a9788173196294 | ||
| 040 | _coclc | ||
| 082 |
_a515.9 _bPON/F |
||
| 100 |
_aPonnusamy, S _93733 |
||
| 245 | 0 |
_aFoundations Of Complex Analysis / _cS Ponnusamy |
|
| 250 | _a2nd Ed. | ||
| 260 |
_bNarosa Publishing House, _aNew Delhi: _c2005. |
||
| 300 | _a508p | ||
| 650 | _aMathematics | ||
| 942 |
_cBK _2ddc _h515.9 _iPON/F _k515.9 _mPON/F |
||
| 999 |
_c31963 _d31963 |
||